Livro com cheiro a morango (Registo nº 4118)

Detalhes MARC
000 -Etiqueta do registo
Cabeçalho 00966nam a2200325 4500
005 - Identificador da versão
Campo de controlo 20240813122053.0
010 ## - Número internacional normalizado dos livros (ISBN)
Número (ISBN) 972473238X
Número (ISBN) 978-972-47-3238
021 ## - Número do Depósito Legal
Código do país PT
Número 248210/06
100 ## - Dados gerais de processamento
Dados gerais de processamento 20080320d2006 cd y0pory5003 ba
102 ## - Pais de publicação ou produção
País de publicação Portugal
101 0# - Língua de publicação
Língua do texto, banda sonora, etc. Português
106 ## - Campo de dados codificados: material textual
Dados codificados do material textual r
105 ## - Campo de dados codificados: livros
Dados codificados dos livros a z 000yy
215 ## - Descrição física 
Indicação específica da natureza do documento e extensão da espécie 32 p.
Outras indicações físicas il.
Dimensões 31 cm
200 1# - Titulo e menção de responsabilidade
Título próprio Livro com cheiro a morango
Primeira menção de responsabilidade Alice Vieira
Outras menções de responsabilidade il. Carla Nazareth
-- rev. Sector de Produção Editorial
225 1# - Colecção 
Título próprio da colecção Livro com cheiro
205 ## - Menção da edição
Menção da edição 1a ed.
Outras menções de edição 1a tir
210 ## - Publicação, Distribuição, etc. 
Lugar da edição, distribuição, etc. Lisboa
Nome do editor, distribuidor, etc. Texto
Data da publicação, distribuição, etc. 2006
675 ## - Classificação Decimal Universal (CDU)
Notação 087.5
Edição BN
Língua da edição por
Notação 821.134.3-93"19/20"
Edição BN
Língua da edição por
Notação 821.134.3-34"19/20"
Edição BN
Língua da edição por
702 #1 - Nome de autor-pessoa física (responsabilidade secundária)
Número de registo de entrada de autoridade 0000653
Palavra de ordem Nazareth
Outra parte do nome não tomada para palavra de ordem Carla
Datas 1975-
Código de função Ilustrador / Técnico de desenho computorizado
712 02 - Nome de colectividade-autor (responsabilidade secundária)
Número de registo de entrada de autoridade 0000745
Palavra de ordem Texto Editora
Subdivisão Sector de Produção Editorial
Código de função Revisor
700 #1 - Nome de autor-pessoa física (responsabilidade principal)
Número de registo de entrada de autoridade 0000018
Palavra de ordem Vieira
Outra parte do nome não tomada para palavra de ordem Alice
Datas 1943-
942 ## - Elementos de entrada adicionados (Koha)
Tipo de item no Koha Livro
Exemplares
Situação do levantamento Origin of item (home branch) (coded) Biblioteca de empréstimo Código de barras Cota Circulation type (not for loan) Tipo de documento Nota do exemplar Damaged status
  Biblioteca Escolar das Vendas Biblioteca Escolar das Vendas BEV1881 8POR VIE   Livro Sem mensagem